Tratado del signo visual: para una retórica de la imagen

Guardado en:
Detalles Bibliográficos
Autor Corporativo: Groupe U (Autor)
Formato: Libro
Lenguaje:español
Publicado: Madrid Cátedra 2015
Edición:3a. ed
Colección:Signo e Imagen, 31
Materias:
Etiquetas: Agregar Etiqueta
Sin Etiquetas, Sea el primero en etiquetar este registro!

MARC

LEADER 00000cam a2200000 a 4500
001 UCC4890
003 CL-VaPUC
008 180831e20150000sp |||||||||||||||||spa|d
020 |a 9788437627243 
082 0 4 |a 401.43  |b GRO  |2 21 
110 2 |a Groupe U  |e author  |9 599101 
245 1 0 |a Tratado del signo visual: para una retórica de la imagen 
250 |a 3a. ed 
300 |a 427 p 
942 |c BK 
945 |d 20180831 12:04:00  |a dcastane 
260 |a Madrid  |b Cátedra  |c 2015 
650 0 |a Semántica  |9 265318 
650 0 |a Semiología  |9 317916 
650 0 |a Semiótica  |9 265317 
650 7 |a TEORIA LINGUISTICA  |2 CL-VaPUC  |9 334835 
650 0 |a Retórica   |9 266620 
650 0 |a Análisis semántico  |9 369275 
583 |a last modification  |c 20180831 12:04:00  |k Rodrigo Vera 
490 0 |a Signo e Imagen, 31 
999 |c 372275  |d 372273 
952 |0 0  |1 0  |3 erb  |4 0  |6 401_430000000000000_GRO_2015  |7 0  |8 A  |9 489619  |a FDOPOS  |b FDOPOS  |i 5493706  |l 2  |o 401.43 GRO 2015  |p 5493706  |r 2025-01-22  |s 2022-09-15  |w 2019-11-24  |y BK  |z Catalogado en:20180831  |k DLA